Setkání rodáků a přátel městečka Doubravice nad Svitavou při příležitosti svěcení praporu obce /

Hlavní autor: Přibyl, Josef
Další autoři: Sáňková, Eva
Jazyk: Čeština
Vydáno: Doubravice nad Svitavou : Obec Doubravice nad Svitavou, 2006
Témata:
Fyzický popis: 107 stran : ilustrace (převážně barevné), portréty, plány, noty, faksimile, erby ; 24 cm
Knihy
Uloženo v:
LEADER 01707nam a2200433 i 4500
001 nkc20213326403
003 CZ PrNK
005 20210913094628.0
007 ta
008 210602s2006 xr acege f 000 0 cze
020 |q (Brožováno) 
040 |a BOA001  |b cze  |e rda 
043 |a e-xr---  |b e-xr-jm  |2 czenas 
072 7 |a 908(437)  |x Vlastivěda Česka a Slovenska  |2 Konspekt  |9 8 
080 |a 94(437.322)  |2 MRF 
080 |a 908(437.322)  |2 MRF 
080 |a (036)  |2 MRF 
080 |a (084.12)  |2 MRF 
100 1 |a Přibyl, Josef  |4 aut 
245 1 0 |a Setkání rodáků a přátel městečka Doubravice nad Svitavou při příležitosti svěcení praporu obce /  |c Josef Přibyl a Eva Sáňková 
246 1 |i Obálkový a hřbetní název:  |a Městečko Doubravice nad Svitavou 
246 3 0 |a Doubravice nad Svitavou 
264 1 |a Doubravice nad Svitavou :  |b Obec Doubravice nad Svitavou,  |c 2006 
300 |a 107 stran :  |b ilustrace (převážně barevné), portréty, plány, noty, faksimile, erby ;  |c 24 cm 
336 |a text  |b txt  |2 rdacontent 
337 |a bez média  |b n  |2 rdamedia 
338 |a svazek  |b nc  |2 rdacarrier 
500 |a Chronologický přehled 
504 |a Obsahuje bibliografii 
651 7 |a Doubravice nad Svitavou (Česko)  |7 ge242851  |x dějiny  |2 czenas 
651 7 |a Doubravice nad Svitavou (Česko)  |7 ge242851  |x vlastivěda  |2 czenas 
655 7 |a informační publikace  |7 fd132454  |2 czenas 
655 7 |a fotografické publikace  |7 fd132276  |2 czenas 
700 1 |a Sáňková, Eva  |7 mzk20211124835  |4 aut 
910 2 |a BOA001  |b 2-1466.317 
990 |a BK 
995 |a 61 
991 |b 202109 
996 6 |b 2610870076  |c 2-1466.317  |l MZK  |r Sklad / do 1 hodiny  |n 0  |p dar  |w 001855563  |u 000010  |a 1  |e BOA001  |j MZK50  |s P